ბათუმის შოთა რუსთაველის სახელმწიფო უნივერსიტეტის ბიბლიოთეკა

ჩანაწერი Corporate Name

ჩანაწერთა რაოდენობა, რომელიც გამოყენებულია: 1

001 - CONTROL NUMBER

  • control field: 8277

003 - CONTROL NUMBER IDENTIFIER

  • control field: GE_BSU

005 - DATE AND TIME OF LATEST TRANSACTION

  • control field: 20200602181257.0

008 - FIXED-LENGTH DATA ELEMENTS

  • fixed length control field: 200602|| aca||aabn | a|a d

040 ## - CATALOGING SOURCE

  • Original cataloging agency: GE_BSU
  • Transcribing agency: GE_BSU

110 ## - HEADING--CORPORATE NAME

  • Corporate name or jurisdiction name as entry element: საქართელოს სსრ მეცნიერებათა აკადემია

670 ## - SOURCE DATA FOUND

  • Source citation: Work cat.: (GE_BSU)52990: ჩიქობავა, არნოლდ 1234, მარტივი წინადადების პრობლემა ქართულში = Проблема простого предложения в грузинском языке = Problème de la proposition simple en Georgien : ტომი 1: ქვემდებარე–დამატების საკითხი ძველს ქართულში :